Countries with red on their flag - Statistics

General Stats
  • This quiz has been taken 13 times
  • The average score is 81 of 139
Answer Stats
hint i guess countries % Correct
has a maple leaf on their flag canada
100%
whose celebrity is shakira colombia
100%
whose capital city is havana in caribbean sea cuba
100%
Who contain purple on their flag dominica
100%
who shares border with dominican republic haiti
100%
who has a golden eagle on their flag mexico
100%
With 50 states united states
100%
Longest and thin country in the world chile
86%
largest country in East asia China
86%
whose capital is san jose costa rica
86%
who shares border with haiti dominican republic
86%
Komodo dragon's home with many islands indonesia
86%
whose capital is tehran iran
86%
whose capital is baghdad iraq
86%
Who created anime movie's japan
86%
Kim jong un's house north korea
86%
country borders costa rica and colombia panama
86%
Where blackpink or bts lived south korea
86%
only muslim country joins nato turkey
86%
whose capital is caracas venezuela
86%
smallest iberian country andorra
71%
speak portugese on namibia's north angola
71%
who has sun in their flag on caribbean sea antigua and barbuda
71%
Oldest country in asia who first religion is christianity armenia
71%
capital is vienna austria
71%
only country speak english in center america belize
71%
who has 2 capital cities in south america bolivia
71%
who speaks khmer cambodia
71%
Gigachad room chad
71%
who owned greenland denmark
71%
who own galapagos island ecuador
71%
Capital is paris france
71%
Get defeated by the ally because is a largest axis power germany
71%
borders iraq and saudi arabia kuwait
71%
whose capital is bishkek kyrgyzstan
71%
largest country in center america and capital managua nicaragua
71%
Most language with over 839 papua new guinea
71%
whose capital is asuncion paraguay
71%
its capital is Lima peru
71%
only country who loves peso in southeast asia philippines
71%
who colonize brazil portugal
71%
largest country in the world russia
71%
whose capital is basseterre saint kitts and nevis
71%
who mightly cover gambia senegal
71%
who colonize mexico spain
71%
only country speak dutch in south america suriname
71%
with 2 stars colored green syria
71%
whose capital is taipei taiwan
71%
whose capital is dushanbe tajikistan
71%
whose capital is port of spain trinidad and tobago
71%
where queen elizabeth graveyard room United kingdom
71%
with one star in their flag and all is red in southeast vietnam
71%
whose capital is sana'a yemen
71%
poorest country in asia afghanistan
57%
largest country in africa algeria
57%
hates armenia azerbaijan
57%
also known as east pakistan bangladesh
57%
means white russia belarus
57%
Smallest country in borneo or kalimantan brunei
57%
near drc and gabon Congo
57%
where cleopatra lived egypt
57%
only border senegal gambia
57%
only country with cross in their flag in asia georgia
57%
whose capital is accra ghana
57%
near trinidad and tobago grenada
57%
Pizza is the national food of italy
57%
home of the dead sea jordan
57%
white circle on their flag but in southeast laos
57%
their old flag was only green libya
57%
similar to Usa's flag but with moon with it malaysia
57%
only island country in indian ocean maldives
57%
similar to indonesia flag but small monaco
57%
Landlocked country in east asia mongolia
57%
capital is podgorica montenegro
57%
also known as burma myanmar
57%
on angola's south namibia
57%
where buddha born nepal
57%
who capital is oslo? norway
57%
Whose capital is muscat oman
57%
an israel terrioties that muslim supports Palestine
57%
who wants kosovo to be invaded serbia
57%
who got indenpendence from sudan south sudan
57%
whose capital is sri jaya warden pura sri lanka
57%
who wants south sudan sudan
57%
who got independence from indonesia since 2002 timor leste
57%
thin country in western africa togo
57%
similar to turkey's flag but in africa tunisia
57%
popular city is abu dhabi united arab emirates
57%
whose capital is tashkent uzbekistan
57%
where mother teresa lived albania
43%
who colonized drc belgium
43%
its capital is a girl name bulgaria
43%
near drc burundi
43%
capital is yaonde cameroon
43%
also known as cabo verde cape verde
43%
Is a arabic country but an island comoros
43%
smallest country in africa but near eritrea djibouti
43%
Whose capital is konarky guinea
43%
whose capital is bissau guinea bissau
43%
the only country speak english in south america guyana
43%
is a land who doesn't have night iceland
43%
whose capital is nairobi kenya
43%
in the middle of baltic latvia
43%
similar to usa's flag but with one star in it liberia
43%
smallest country border austria and switzerland liechtenstein
43%
In the south of baltic lithuania
43%
copy netherlands flag but diffrent colors luxembourg
43%
Biggest island in indian ocean madagascar
43%
Whose capital is bamako mali
43%
smallest island in mediterrenean sea malta
43%
home of the bird dodo mauritius
43%
who border ukraine and romania moldova
43%
Wants western sahara doesn't exist morocco
43%
zimbabwe's west mozambique
43%
who colonized indonesia netherlands
43%
roundest country in europe North macedonia
43%
Germany's west poland
43%
richest country in middle east and small qatar
43%
home of vampires or capital is bucharest romania
43%
island who speak portugese sao tome and principe
43%
capital city is victoria seychelles
43%
who got independence from malaysia since 1965 singapore
43%
on botswana zimbabwe mozambique and namibia's south south africa
43%
Who loves buddhism in southeast thailand
43%
with full green in central asia turkmenistan
43%
on drc down zambia
43%
mozambique east Zimbabwe
43%
smallest country in middle east asia bahrain
29%
whose capital is porto-novo benin
29%
Its shorter name is car Car / central african republic
29%
capital is zagreb croatia
29%
borders sudan,djibouti,and ethiopia eritrea
29%
oldest country in africa ethiopia
29%
whose national animal is african wild cat mauritania
29%
country who doesn't get invaded by axis power or other country switzerland
29%
home of the pope Vatican city
29%
land locked country but smaller in western africa burkina faso
14%
landlocked country borders mozambique and south africa swaziland
14%
near congo and burundi Democratic congo
0%
No matching quizzes found
Score Distribution
Percent of People with Each Score
Percentile by Number Answered
Your Score History
You have not taken this quiz